000
00280nam a2200121Ia 4500
005
20251222152719.0
008
251222s9999||||xx |||||||||||||| ||spa||
082
_a
335/T82
100
_a
Trotsky, León
245
0
_a
Sobre la Liberación Nacional
264
_b
Pluma
942
_c
LIB
999
_c
29498
_d
29498